[Event "Scarborough CC Falling Leaves"]
[Site "Toronto"]
[Date "2018.11.08"]
[Round "2.5"]
[White "Henderson, Fred"]
[Black "Laughlin, Steve"]
[Result "0-1"]
[WhiteElo "1873"]
[BlackElo "1969"]
[PlyCount "64"]
[EventDate "2018.11.01"]
[EventType "swiss"]
[EventRounds "7"]
[EventCountry "CAN"]
[SourceTitle "EXT 2022"]
[Source "ChessBase"]
[SourceDate "2021.10.06"]
[SourceVersion "1"]
[SourceVersionDate "2021.10.06"]
[SourceQuality "1"]

1. d4 Nf6 2. c4 g6 3. Nc3 Bg7 4. e4 d6 5. Nf3 0-0 6. Be2 e5 7. 0-0 Nc6 8. d5 Ne7 9. Nd2 Ne8 10. b4 f5 11. c5 Rf7 12. a4 Bf8 13. Ba3 Kh8 14. Rc1 Ng8 15. Nc4 Ngf6 16. cxd6 cxd6 17. f3 Nh5 18. g3 f4 19. g4 Nhg7 20. Qe1 h5 21. h3 Be7 22. Bd3 Bh4 23. Qe2 hxg4 24. hxg4 Nh5 25. Qg2 Ng3 26. Rf2 Rh7 27. Ne2 Bg5 28. Nxg3 fxg3 29. Qxg3 Bf4 30. Qg2 Bxc1 31. Bxc1 Bd7 32. Bc2 Rc8 0-1

[Event "Toronto Labour Day op U2200"]
[Site "Toronto"]
[Date "2009.09.07"]
[Round "5"]
[White "Armstrong, Robert J"]
[Black "Laughlin, Steve"]
[Result "0-1"]
[WhiteElo "1814"]
[BlackElo "2046"]
[PlyCount "53"]
[EventDate "2009.09.05"]
[EventType "swiss"]
[EventRounds "6"]
[EventCountry "CAN"]
[SourceTitle "EXT 2011"]
[Source "ChessBase"]
[SourceDate "2010.11.26"]
[SourceVersion "1"]
[SourceVersionDate "2010.11.26"]
[SourceQuality "1"]

1. d4 Nf6 2. c4 g6 3. Nc3 Bg7 4. e4 d6 5. f3 0-0 6. Be3 e5 7. d5 a5 8. Nge2 Na6 9. g4 Bxg4 10. fxg4 Nxg4 11. Qd2 Qh4+ 12. Kd1 f5 13. a3 f4 14. Bg1 f3 15. Kc2 f2 16. h3 Bh6 17. Qd3 Ne3+ 18. Kb1 fxg1Q 19. Rxg1 Nxf1 20. Ka2 Nb4+ 21. axb4 axb4+ 22. Kb1 Nd2+ 23. Qxd2 Bxd2 24. Kc2 Rxa1 25. Rxa1 Bxc3 26. Nxc3 bxc3 27. Kxc3 0-1

[Event "Toronto-A"]
[Site "Toronto"]
[Date "2004.01.18"]
[Round "1"]
[White "Southam, David"]
[Black "Laughlin, Steve"]
[Result "0-1"]
[WhiteElo "2106"]
[BlackElo "2014"]
[PlyCount "40"]
[EventDate "2004.01.??"]
[EventType "tourn"]
[EventRounds "11"]
[EventCountry "CAN"]
[SourceTitle "EXT 2005"]
[Source "ChessBase"]
[SourceDate "2004.11.15"]
[SourceVersion "1"]
[SourceVersionDate "2004.11.15"]
[SourceQuality "1"]

1. d4 d5 2. c4 dxc4 3. e4 Nc6 4. Be3 Nf6 5. Nc3 e5 6. d5 Na5 7. Qa4+ Bd7 8. Qxa5 a6 9. Nb1 Nxe4 10. Kd1 c3 11. b4 b6 12. Qa3 a5 13. Qb3 axb4 14. Qc4 Ba4+ 15. Kc1 Nxf2 16. Nf3 Nxh1 17. Nxe5 Bc5 18. Qe4 Bxe3+ 19. Qxe3 0-0 20. Bc4 Qf6 0-1

[Event "Kuprejanov Memorial"]
[Site "Toronto"]
[Date "2003.04.02"]
[Round "1"]
[White "Barron, Michael"]
[Black "Laughlin, Steve"]
[Result "1-0"]
[WhiteElo "2243"]
[BlackElo "1961"]
[PlyCount "111"]
[EventDate "2003.04.??"]
[EventType "tourn"]
[EventRounds "9"]
[EventCountry "CAN"]
[SourceTitle "EXT 2006"]
[Source "ChessBase"]
[SourceDate "2005.11.24"]
[SourceVersion "1"]
[SourceVersionDate "2005.11.24"]
[SourceQuality "1"]

1. e4 c5 2. Nf3 Nc6 3. d4 cxd4 4. Nxd4 Nf6 5. Nc3 e5 6. Ndb5 d6 7. Nd5 Nxd5 8. exd5 Nb8 9. c4 a6 10. Nc3 Be7 11. Bd3 f5 12. f4 e4 13. Be2 Nd7 14. Be3 b6 15. 0-0 0-0 16. b4 Bf6 17. Qb3 Rb8 18. Rac1 g5 19. g3 g4 20. h3 gxh3 21. Kf2 Bxc3 22. Qxc3 Nf6 23. Rh1 Ng4+ 24. Ke1 a5 25. a3 axb4 26. axb4 Qf6 27. Bd4 Qg6 28. Ra1 h2 29. Ra7 Rb7 30. Ra8 Bd7 31. Qa3 Bc8 32. Qa6 Rb8 33. Qa7 Rxa8 34. Qxa8 Nf6 35. Qa3 b5 36. cxb5 e3 37. Qxe3 Nxd5 38. Qf3 Nxb4 39. Bb2 Re8 40. Rxh2 Nc2+ 41. Kd2 Ne3 42. Qc6 Qf7 43. Qc3 Qd5+ 44. Kc1 Qc5 45. Rh5 Qxc3+ 46. Bxc3 Nd5 47. Rg5+ Kf8 48. Bg7+ Ke7 49. Bf3 Ne3 50. Bd4 Nc4 51. Rg7+ Ke6 52. Rxh7 Bd7 53. Rh6+ Ke7 54. Bf6+ Kf8 55. Bh5 Re1+ 56. Kc2 1-0

[Event "Toronto-ch"]
[Site "Toronto"]
[Date "2002.01.14"]
[Round "2"]
[White "Southam, David"]
[Black "Laughlin, Steve"]
[Result "1-0"]
[WhiteElo "2162"]
[BlackElo "2045"]
[PlyCount "79"]
[EventDate "2002.01.??"]
[EventType "tourn"]
[EventRounds "11"]
[EventCountry "CAN"]
[SourceTitle "EXT 2006"]
[Source "ChessBase"]
[SourceDate "2005.11.24"]
[SourceVersion "1"]
[SourceVersionDate "2005.11.24"]
[SourceQuality "1"]

1. d4 Nf6 2. Nf3 g6 3. c4 Bg7 4. Nc3 d6 5. e4 0-0 6. Be2 e5 7. Be3 Nc6 8. d5 Ne7 9. Nd2 Nd7 10. b4 f5 11. f3 f4 12. Bf2 Nf6 13. c5 g5 14. Rc1 Ng6 15. cxd6 cxd6 16. Nb5 Nh4 17. Rg1 Rf7 18. Qc2 a6 19. Nc7 Rb8 20. Ba7 Bd7 21. Ne6 Bxe6 22. dxe6 Re7 23. Bxb8 Qxb8 24. Qc8+ Re8 25. Qxb8 Rxb8 26. Bc4 Rc8 27. Kf2 Ng6 28. Bb3 Re8 29. Rc7 Re7 30. Rgc1 Ne8 31. Rd7 Bf6 32. Rc8 Kf8 33. Bd5 b5 34. Nb3 h5 35. Na5 g4 36. Nc6 g3+ 37. hxg3 fxg3+ 38. Kf1 Rg7 39. Rf7+ Rxf7 40. exf7 1-0

[Event "Kitchener Masters"]
[Site "Kitchener"]
[Date "2001.09.22"]
[Round "5"]
[White "Laughlin, Steve"]
[Black "Jung, Hans Rudolf"]
[Result "0-1"]
[WhiteElo "2054"]
[BlackElo "2291"]
[PlyCount "94"]
[EventDate "2001.09.15"]
[EventType "tourn"]
[EventRounds "9"]
[EventCountry "CAN"]
[SourceTitle "EXT 2022"]
[Source "ChessBase"]
[SourceDate "2021.10.06"]
[SourceVersion "1"]
[SourceVersionDate "2021.10.06"]
[SourceQuality "1"]

1. e4 d5 2. exd5 Qxd5 3. Nc3 Qa5 4. d4 c6 5. Bc4 Nf6 6. Bd2 Qc7 7. Qe2 Bf5 8. Nf3 e6 9. Rc1 Nbd7 10. a4 Bd6 11. d5 cxd5 12. Bxd5 Nxd5 13. Nxd5 Qc6 14. Ne3 0-0 15. 0-0 Be4 16. Nd4 Qxa4 17. Nb5 Qa6 18. Ra1 Qb6 19. Ba5 Qc6 20. Nxd6 Qxd6 21. Rfd1 Qc6 22. Rd4 Nf6 23. Bc3 Nd5 24. Nxd5 exd5 25. Rdd1 Qg6 26. f3 Bf5 27. Rxd5 Bxc2 28. Re1 Ba4 29. Qd2 f6 30. Re7 Bc6 31. Rg5 fxg5 32. Rxg7+ Qxg7 33. Bxg7 Kxg7 34. Qxg5+ Kf7 35. Qf5+ Ke7 36. Qxh7+ Rf7 37. Qh4+ Kd7 38. Qg4+ Kc7 39. Qg3+ Kb6 40. b4 Rd7 41. Qf2+ Kb5 42. Qc5+ Ka4 43. Qa5+ Kb3 44. Qc5 Rd5 45. Qe7 Re8 46. Qh4 Re2 47. h3 Rdd2 0-1

[Event "Kitchener Masters"]
[Site "Kitchener"]
[Date "2001.09.15"]
[Round "1"]
[White "Laughlin, Steve"]
[Black "Dougherty, Michael J"]
[Result "0-1"]
[WhiteElo "2054"]
[BlackElo "2355"]
[PlyCount "61"]
[EventDate "2001.09.15"]
[EventType "tourn"]
[EventRounds "9"]
[EventCountry "CAN"]
[SourceTitle "EXT 2022"]
[Source "ChessBase"]
[SourceDate "2021.10.06"]
[SourceVersion "1"]
[SourceVersionDate "2021.10.06"]
[SourceQuality "1"]

1. Nf3 c5 2. g3 g6 3. Bg2 Bg7 4. d3 Nc6 5. 0-0 d6 6. e4 e5 7. c3 Nge7 8. Nbd2 0-0 9. h3 h6 10. Nc4 Be6 11. Ne3 Qd7 12. Kh2 f5 13. c4 Rf7 14. Nd5 Raf8 15. a3 g5 16. Rb1 Ng6 17. Qd2 fxe4 18. Ng1 exd3 19. Qxd3 Bf5 20. Be4 Bxe4 21. Qxe4 Rxf2+ 22. Rxf2 Rxf2+ 23. Kh1 Qf5 24. Qxf5 Rxf5 25. b4 cxb4 26. axb4 e4 27. Be3 b6 28. h4 gxh4 29. gxh4 Kf7 30. b5 Na5 31. Rd1 0-1

[Event "Toronto-ch res"]
[Site "Toronto"]
[Date "2001.01.24"]
[Round "6"]
[White "Chen, Chin Hua"]
[Black "Laughlin, Steve"]
[Result "1-0"]
[WhiteElo "2000"]
[BlackElo "1984"]
[PlyCount "92"]
[EventDate "2001.??.??"]
[EventType "tourn"]
[EventRounds "11"]
[EventCountry "CAN"]
[SourceTitle "EXT 2003"]
[Source "ChessBase"]
[SourceDate "2002.11.25"]
[SourceVersion "1"]
[SourceVersionDate "2002.11.25"]
[SourceQuality "1"]

1. d4 Nf6 2. c4 g6 3. Nc3 Bg7 4. e4 d6 5. Nf3 0-0 6. Bd3 Nbd7 7. Bg5 h6 8. Bh4 e5 9. 0-0 Qe8 10. dxe5 dxe5 11. Qd2 c6 12. b4 Nh5 13. c5 Nf4 14. Bc4 Kh7 15. Qd6 g5 16. Bg3 Nf6 17. h4 g4 18. Nxe5 N6h5 19. Bxf4 Nxf4 20. Nxg4 Bxg4 21. Qxf4 Bxc3 22. Qxg4 Bxa1 23. Qf5+ Kg7 24. Rxa1 f6 25. Rd1 Rd8 26. Rd6 Rxd6 27. cxd6 Qe5 28. Qg4+ Kh8 29. d7 Qe7 30. Be6 Qg7 31. Qf4 b6 32. Qc7 Qe7 33. Qxc6 Qxb4 34. Qc7 Qe1+ 35. Kh2 Qd2 36. Bf5 Qxf2 37. Bh3 Rd8 38. Qxd8+ Kg7 39. Qc7 Kf8 40. Qg3 h5 41. Qb3 Qe3 42. Bg4 Qf4+ 43. g3 Kg7 44. Qxb6 Qf1 45. Bxh5 Kh6 46. Be8 Kg7 1-0

[Event "Toronto-ch res"]
[Site "Toronto"]
[Date "2001.01.22"]
[Round "5"]
[White "Laughlin, Steve"]
[Black "Shah, Omaray M"]
[Result "0-1"]
[WhiteElo "1984"]
[BlackElo "1863"]
[PlyCount "133"]
[EventDate "2001.??.??"]
[EventType "tourn"]
[EventRounds "11"]
[EventCountry "CAN"]
[SourceTitle "EXT 2003"]
[Source "ChessBase"]
[SourceDate "2002.11.25"]
[SourceVersion "1"]
[SourceVersionDate "2002.11.25"]
[SourceQuality "1"]

1. e4 c5 2. Nf3 d6 3. d4 cxd4 4. Nxd4 Nf6 5. Nc3 a6 6. Bc4 e6 7. Bb3 Be7 8. Be3 b5 9. f3 0-0 10. Qd2 Qa5 11. a3 Bd7 12. 0-0 Nc6 13. Nxc6 Bxc6 14. Nd5 Qd8 15. Nxe7+ Qxe7 16. Bg5 Rfd8 17. Qb4 Qa7+ 18. Kh1 Qc5 19. Qd2 Bb7 20. Qf4 Qe5 21. Qxe5 dxe5 22. Rad1 h6 23. Bh4 g5 24. Bg3 Nd7 25. Bf2 Kf8 26. c3 Ke7 27. Kg1 Rac8 28. Be3 Rg8 29. Kf2 h5 30. Rd2 g4 31. Rfd1 Bc6 32. fxg4 Nf6 33. Bc5+ Ke8 34. Bc2 Nxg4+ 35. Kg1 Nf6 36. Bb6 Nd7 37. Bf2 f5 38. Bh4 Rg4 39. g3 fxe4 40. Rd6 Bd5 41. h3 Rg7 42. Rxa6 e3 43. Re1 Rc4 44. Kf1 Rxh4 45. gxh4 Bc4+ 46. Re2 Bxe2+ 47. Kxe2 Rg2+ 48. Kd1 Rd2+ 49. Kc1 Ke7 50. Ra8 Rd5 51. Rg8 Nc5 52. Rg6 Nd3+ 53. Bxd3 Rxd3 54. Rg2 Kd6 55. Kc2 e4 56. b3 Ke5 57. a4 bxa4 58. bxa4 Kf4 59. a5 Kf3 60. Rg1 Kf2 61. Rh1 Kg2 62. Re1 Kf2 63. Rh1 e2 64. Rh2+ Ke3 65. Rh1 Rd5 66. a6 Ra5 67. c4 0-1

[Event "Toronto-ch res"]
[Site "Toronto"]
[Date "2001.01.15"]
[Round "9"]
[White "Laughlin, Steve"]
[Black "Richardson, Ross"]
[Result "1-0"]
[WhiteElo "1984"]
[BlackElo "1951"]
[PlyCount "83"]
[EventDate "2001.??.??"]
[EventType "tourn"]
[EventRounds "11"]
[EventCountry "CAN"]
[SourceTitle "EXT 2003"]
[Source "ChessBase"]
[SourceDate "2002.11.25"]
[SourceVersion "1"]
[SourceVersionDate "2002.11.25"]
[SourceQuality "1"]

1. e4 c5 2. Nf3 Nc6 3. d4 cxd4 4. Nxd4 Nf6 5. Nc3 d6 6. Bc4 e6 7. Be3 Be7 8. f3 a6 9. Bb3 Qc7 10. Qd2 b5 11. g4 0-0 12. g5 Nd7 13. Nd5 exd5 14. Nxc6 Ne5 15. Nxe5 dxe5 16. Bxd5 Rd8 17. Qc3 Qxc3+ 18. bxc3 Rb8 19. Ba7 Bh3 20. Bxb8 Rxb8 21. Rg1 Rc8 22. a4 bxa4 23. Rxa4 Rxc3 24. Rxa6 Rxc2 25. Ra8+ Bf8 26. Rg3 Rxh2 27. g6 hxg6 28. Rxg6 Kh7 29. Bxf7 Bb4+ 30. Kd1 Bf1 31. Rb6 Be2+ 32. Kc1 Bc5 33. Rbb8 Be3+ 34. Kb2 Bxf3+ 35. Kc3 Bd4+ 36. Kc4 Rc2+ 37. Kd5 Rc5+ 38. Kd6 g5 39. Bd5 g4 40. Rh8+ Kg6 41. Rag8+ Kf6 42. Rh6# 1-0